[Event "Rated Blitz game"]
[Site "?"]
[Date "2021.01.10"]
[Round "?"]
[White "Igor_Bogachkov"]
[Black "Terizlong"]
[Result "1-0"]
[WhiteElo "2443"]
[BlackElo "2309"]
[PlyCount "145"]
[EventDate "2021.??.??"]
[EventType "blitz"]

1. e4 e5 2. Nf3 d5 3. exd5 Bd6 4. Bb5+ c6 5. dxc6 bxc6 6. Bc4 Nf6 7. d3 h6 8.
Nc3 O-O 9. O-O a5 10. h3 a4 11. Ne4 Bc7 12. Be3 Nd5 13. Bc5 Re8 14. Re1 f5 15.
Nc3 Kh7 16. Qd2 Nd7 17. Ba3 N7f6 18. Nxd5 cxd5 19. Bb5 Bd7 20. Bxd7 Nxd7 21. c4
Ba5 22. Bb4 Bxb4 23. Qxb4 e4 24. Nd4 Ne5 25. dxe4 fxe4 26. Qb7 Nxc4 27. Nf5 Qf6
28. Qxd5 e3 29. Nxe3 Nxe3 30. Rxe3 Rad8 31. Qf3 Qxb2 32. Rae1 Rxe3 33. Rxe3
Qxa2 34. Ra3 Qb1+ 35. Kh2 Qb8+ 36. g3 Qa8 37. Qf4 Rd1 38. Rf3 a3 39. Qf5+ Kh8
40. Qf8+ Qxf8 41. Rxf8+ Kh7 42. Ra8 Rd3 43. Kg2 Kg6 44. Ra6+ Kf5 45. Ra5+ Ke4
46. Ra7 Kd4 47. Rxg7 a2 48. Ra7 Rd2 49. g4 Kc3 50. Kg3 Kb2 51. f3 a1=Q 52. Rxa1
Kxa1 53. h4 Rd5 54. Kf4 Ra5 55. g5 hxg5+ 56. hxg5 Ra7 57. g6 Kb2 58. Ke5 Ra6
59. Kf5 Ra7 60. f4 Kc3 61. Ke5 Kc4 62. f5 Ra5+ 63. Ke6 Ra6+ 64. Ke7 Ra7+ 65.
Kf8 Ra8+ 66. Kg7 Ra7+ 67. Kf8 Ra8+ 68. Kf7 Ra7+ 69. Kf6 Ra6+ 70. Kg5 Kd5 71. g7
Ra8 72. f6 Ke6 73. Kg6 {Time forfeit} 1-0

[Event "Rated Blitz tournament S5V0YLTM"]
[Site "?"]
[Date "2021.01.10"]
[Round "?"]
[White "TheGreekGoat"]
[Black "Jlgg50972"]
[Result "1/2-1/2"]
[WhiteElo "2331"]
[BlackElo "2433"]
[PlyCount "50"]
[EventDate "2021.??.??"]
[EventType "blitz"]

1. e4 e5 2. Nf3 d5 3. exd5 e4 4. Qe2 Be7 5. Qxe4 Nf6 6. Qa4+ c6 7. dxc6 O-O 8.
Be2 Nxc6 9. O-O Re8 10. d4 Bd7 11. Qb3 Bd6 12. Be3 Rc8 13. c4 Na5 14. Qc2 Bc6
15. Nbd2 b5 16. b3 Bb4 17. Ne5 bxc4 18. bxc4 Bxd2 19. Qxd2 Ba8 20. Rfd1 Ne4 21.
Qe1 f6 22. Nf3 Nxc4 23. Bxc4+ Rxc4 24. Rac1 Rxc1 25. Rxc1 Qd5 {Normal} 1/2-1/2

[Event "Rated Blitz game"]
[Site "?"]
[Date "2021.01.10"]
[Round "?"]
[White "AllPawnsNoHope"]
[Black "Jomajo"]
[Result "0-1"]
[WhiteElo "2421"]
[BlackElo "2583"]
[PlyCount "72"]
[EventDate "2021.??.??"]
[EventType "blitz"]

1. e4 e5 2. Nf3 d5 3. Nxe5 Bd6 4. d4 dxe4 5. Nc4 Nf6 6. Nc3 O-O 7. Be2 Nc6 8.
O-O Nxd4 9. Nxd6 Qxd6 10. h3 c5 11. Nb5 Qe5 12. c3 Nxe2+ 13. Qxe2 a6 14. f4 Qe7
15. Na3 Nd5 16. Nc4 b5 17. Ne5 f5 18. c4 bxc4 19. Qxc4 Be6 20. Qe2 Rfc8 21. Be3
Rab8 22. Rac1 Nxe3 23. Qxe3 Rxb2 24. Rfd1 Rxa2 25. Rb1 c4 26. Rb6 c3 27. Rc1 c2
28. Qd4 Rd8 29. Rxe6 Rxd4 30. Rxe7 Rd1+ 31. Kf2 h5 32. Re8+ Kh7 33. Nf7 g6 34.
Ng5+ Kg7 35. Re7+ Kf8 36. Rd7 Rxd7 {Normal} 0-1

[Event "Rated Blitz game"]
[Site "?"]
[Date "2021.01.10"]
[Round "?"]
[White "pete1988"]
[Black "ahoramahora"]
[Result "1-0"]
[WhiteElo "2416"]
[BlackElo "2323"]
[PlyCount "43"]
[EventDate "2021.??.??"]
[EventType "blitz"]

1. e4 e5 2. Nf3 d5 3. exd5 e4 4. Ne5 Qxd5 5. d4 exd3 6. Nxd3 Bf5 7. Nc3 Qd7 8.
Bg5 Nc6 9. Qe2+ Be7 10. O-O-O O-O-O 11. Bxe7 Ngxe7 12. Nc5 Qe8 13. Rxd8+ Qxd8
14. Qb5 Qd4 15. Qxb7+ Kd8 16. Qa8+ Bc8 17. N3e4 f5 18. Bb5 Ke8 19. Rd1 Qe5 20.
Bxc6+ Kf7 21. Nd3 Qe6 22. Ng5+ {Normal} 1-0

[Event "Rated Blitz game"]
[Site "?"]
[Date "2021.01.10"]
[Round "?"]
[White "Bird_f4"]
[Black "Jomajo"]
[Result "1-0"]
[WhiteElo "2557"]
[BlackElo "2586"]
[PlyCount "95"]
[EventDate "2021.??.??"]
[EventType "blitz"]

1. e4 e5 2. Nf3 d5 3. exd5 e4 4. Qe2 Qe7 5. Nd4 Qe5 6. Nb3 Nf6 7. Nc3 Bd6 8. d4
exd3 9. Qxe5+ Bxe5 10. Bxd3 Bxc3+ 11. bxc3 Nxd5 12. Ba3 Be6 13. c4 Nb6 14. Na5
Nc6 15. Nxb7 Nxc4 16. Bxc4 Bxc4 17. O-O-O Nd8 18. Rhe1+ Be6 19. Nc5 h5 20. f4
g6 21. Rd7 Rc8 22. Rd2 O-O 23. Nxe6 Nxe6 24. Bxf8 Kxf8 25. g3 Ke7 26. Re3 c5
27. Ra3 Rc7 28. Ra6 Nd4 29. Rd3 h4 30. Rda3 Nc6 31. gxh4 Ke6 32. Kd2 Kf5 33.
Ke3 Re7+ 34. Kf2 Re6 35. Rc3 Kxf4 36. Rc4+ Nd4 37. Rxe6 fxe6 38. Rxc5 e5 39.
Rc4 Kf5 40. c3 Ne6 41. Ra4 Nc5 42. Rxa7 Ne4+ 43. Ke3 Nxc3 44. a4 Nd5+ 45. Kf2
e4 46. a5 Kf4 47. Rf7+ Ke5 48. a6 {Normal} 1-0

[Event "Rated Blitz game"]
[Site "?"]
[Date "2021.01.10"]
[Round "?"]
[White "RNolte_1972"]
[Black "batasjon"]
[Result "1/2-1/2"]
[WhiteElo "2451"]
[BlackElo "2333"]
[PlyCount "89"]
[EventDate "2021.??.??"]
[EventType "blitz"]

1. e4 e5 2. Nf3 d5 3. d4 dxe4 4. Nxe5 Bd6 5. Nc4 Nf6 6. Nc3 O-O 7. Bg5 Be7 8.
Qd2 Nc6 9. O-O-O Bg4 10. Be2 Bxe2 11. Nxe2 Qd5 12. Bxf6 Bxf6 13. Qc3 Rad8 14.
Kb1 Nxd4 15. Nxd4 Bxd4 16. Qb3 Qc5 17. Ne3 Bxe3 18. fxe3 b6 19. a3 Qe7 20. Rhf1
g6 21. Qc4 Kg7 22. Rxd8 Rxd8 23. h4 h5 24. g3 Rd6 25. Rf4 f5 26. Qc3+ Kh7 27.
Rf1 c5 28. Qc4 Kg7 29. Qc3+ Qf6 30. Qc4 Qf7 31. Qa6 Qd7 32. Rc1 Rd2 33. Qc4 Qd5
34. Qc3+ Kh7 35. Qf6 Qd7 36. a4 c4 37. Qc3 Rd5 38. Qxc4 a6 39. Qxa6 Ra5 40.
Qxb6 Qxa4 41. Qc7+ Kh6 42. Qf4+ Kh7 43. Qc7+ Kh6 44. Qf4+ Kh7 45. Qc7+ {Normal}
1/2-1/2

[Event "Rated Blitz game"]
[Site "?"]
[Date "2021.01.10"]
[Round "?"]
[White "Tandilensis"]
[Black "drdumbo"]
[Result "1-0"]
[WhiteElo "2467"]
[BlackElo "2533"]
[PlyCount "67"]
[EventDate "2021.??.??"]
[EventType "blitz"]

1. e4 e5 2. Nf3 d5 3. exd5 Bd6 4. d4 e4 5. Ne5 Nf6 6. Be2 Nxd5 7. O-O O-O 8. c4
Bxe5 9. dxe5 Nb4 10. Qb3 Nd3 11. Be3 Nxe5 12. Nc3 Nbc6 13. Rad1 Qh4 14. g3 Qh3
15. Nxe4 Bg4 16. f3 Be6 17. Nf2 Qf5 18. g4 Qf6 19. Ne4 Qg6 20. Ng3 f5 21. f4
Nxg4 22. Bxg4 Qxg4 23. Qxb7 Bxc4 24. Qxc6 Bxf1 25. Rxf1 Rae8 26. Bxa7 h5 27.
Bc5 h4 28. Bxf8 Rxf8 29. Kf2 Qxf4+ 30. Kg2 Qg4 31. Qd5+ Kh8 32. Rxf5 hxg3 33.
Rxf8+ Kh7 34. hxg3 {Normal} 1-0

[Event "Rated Blitz game"]
[Site "?"]
[Date "2021.01.10"]
[Round "?"]
[White "frostbitten"]
[Black "om_gendut"]
[Result "1/2-1/2"]
[WhiteElo "2438"]
[BlackElo "2413"]
[PlyCount "145"]
[EventDate "2021.??.??"]
[EventType "blitz"]

1. e4 e5 2. Nf3 d5 3. Nxe5 Bd6 4. d4 dxe4 5. Nc4 Be7 6. Nc3 Nf6 7. Bg5 Bf5 8.
Ne3 Bg6 9. Bc4 O-O 10. O-O Nc6 11. Bxf6 Bxf6 12. d5 Ne5 13. Bb3 Qe7 14. Ng4
Nxg4 15. Qxg4 Rad8 16. Rad1 Kh8 17. Rfe1 Bxc3 18. bxc3 f5 19. Qf4 Rfe8 20. Re3
Qe5 21. Qxe5 Rxe5 22. Rd4 f4 23. Re1 Bf5 24. h3 g5 25. c4 Kg7 26. c5 Bg6 27. c4
h6 28. Bc2 Rde8 29. d6 Rxc5 30. d7 Rd8 31. Bxe4 Bxe4 32. Rexe4 Kf7 33. f3 Rc6
34. h4 Rd6 35. hxg5 hxg5 36. Rxd6 cxd6 37. g3 fxg3 38. Kg2 Rxd7 39. Kxg3 d5 40.
cxd5 Rxd5 41. Rb4 b6 42. Kg4 Kf6 43. f4 gxf4 44. Kxf4 Ra5 45. a4 Ke6 46. Ke4
Kd6 47. Kd4 Kc6 48. Kc4 Rh5 49. Kb3 Rh3+ 50. Kb2 a6 51. Rg4 Rh6 52. Kb3 Rd6 53.
Rg3 Kc5 54. Rf3 Rd5 55. Rg3 Rh5 56. Rf3 b5 57. axb5 Kxb5 58. Rg3 a5 59. Rf3 Rc5
60. Rg3 a4+ 61. Ka3 Ka5 62. Rf3 Rh5 63. Rg3 Rb5 64. Rf3 Rh5 65. Rg3 Rb5 66. Rf3
Rh5 67. Rg3 Rf5 68. Re3 Rg5 69. Rf3 Re5 70. Rg3 Rh5 71. Rf3 Rg5 72. Re3 Rf5 73.
Rg3 {Normal} 1/2-1/2

[Event "Rated Blitz game"]
[Site "?"]
[Date "2021.01.10"]
[Round "?"]
[White "vespillo77"]
[Black "KinzyabulatovRenat"]
[Result "1-0"]
[WhiteElo "2506"]
[BlackElo "2367"]
[PlyCount "67"]
[EventDate "2021.??.??"]
[EventType "blitz"]

1. e4 e5 2. Nf3 d5 3. Nxe5 Bd6 4. d4 dxe4 5. Bf4 Nf6 6. Nc3 O-O 7. Bc4 Nc6 8.
O-O Na5 9. Be2 Be6 10. Bg5 Bxe5 11. dxe5 Qxd1 12. Raxd1 Nd7 13. Nxe4 Nxe5 14.
Nc5 Bc4 15. Bxc4 Nexc4 16. b3 b6 17. Nd7 Nd6 18. Nxf8 Kxf8 19. Bf4 Nab7 20.
Rfe1 f6 21. c4 g5 22. Bxd6+ Nxd6 23. h4 h6 24. h5 Kf7 25. g4 a5 26. Kg2 a4 27.
Rd3 axb3 28. axb3 Ra3 29. Rde3 Ra7 30. Re7+ Kf8 31. Rd7 f5 32. Re6 Ne8 33. Rxh6
fxg4 34. Rh8# {Normal} 1-0

[Event "Rated Blitz game"]
[Site "?"]
[Date "2021.01.10"]
[Round "?"]
[White "sergolvz"]
[Black "Jomajo"]
[Result "1/2-1/2"]
[WhiteElo "2512"]
[BlackElo "2570"]
[PlyCount "99"]
[EventDate "2021.??.??"]
[EventType "blitz"]

1. e4 e5 2. Nf3 d5 3. Nc3 d4 4. Ne2 d3 5. cxd3 Nc6 6. d4 exd4 7. Ng3 d3 8. a3
Be6 9. Qa4 Qd7 10. b4 h5 11. Bb2 h4 12. Nf5 Bxf5 13. exf5 Qxf5 14. O-O-O a6 15.
Re1+ Nge7 16. Ne5 O-O-O 17. Bxd3 Rxd3 18. Nxd3 Qxd3 19. Re3 Qd5 20. Rhe1 Kb8
21. f3 Rh6 22. Qc2 Rd6 23. Bc3 Rd8 24. Kb2 Nf5 25. Re5 Nxe5 26. Rxe5 Qd7 27.
Qxf5 Bd6 28. Qxd7 Rxd7 29. Re8+ Ka7 30. h3 Bf4 31. Kc2 g5 32. d3 Kb6 33. a4 c6
34. Re4 Kc7 35. Be5+ Bxe5 36. Rxe5 f6 37. Re6 Rd6 38. Re7+ Kb6 39. Kc3 Rd5 40.
d4 a5 41. bxa5+ Rxa5 42. Kb4 Rd5 43. Kc4 Ka6 44. Re6 Rf5 45. Re8 Kb6 46. Rf8
Ka5 47. Ra8+ Kb6 48. Rf8 Kc7 49. Rf7+ Kb6 50. Rf8 {Normal} 1/2-1/2

[Event "Rated Blitz game"]
[Site "?"]
[Date "2021.01.10"]
[Round "?"]
[White "SHIELD2020"]
[Black "Tayota"]
[Result "0-1"]
[WhiteElo "2440"]
[BlackElo "2334"]
[PlyCount "34"]
[EventDate "2021.??.??"]
[EventType "blitz"]

1. e4 e5 2. Nf3 d5 3. exd5 e4 4. Qe2 f5 5. d3 Nf6 6. Bg5 Be7 7. Bxf6 Bxf6 8. c3
O-O 9. dxe4 fxe4 10. Nfd2 Bf5 11. Qe3 c6 12. dxc6 Nxc6 13. Bc4+ Kh8 14. O-O Bg5
15. Qe2 Re8 16. Bb3 e3 17. f4 exd2 {Normal} 0-1

[Event "Rated Rapid game"]
[Site "?"]
[Date "2021.01.10"]
[Round "?"]
[White "mertgureke"]
[Black "vitvolrapid"]
[Result "1-0"]
[WhiteElo "2347"]
[BlackElo "2420"]
[PlyCount "75"]
[EventDate "2021.??.??"]
[EventType "rapid"]

1. e4 e5 2. Nf3 d5 3. exd5 e4 4. Qe2 Ne7 5. Qxe4 Nd7 6. Bb5 a6 7. Bxd7+ Qxd7 8.
c4 Qf5 9. Nc3 Qxe4+ 10. Nxe4 Bf5 11. Ng3 Bg6 12. b3 f6 13. O-O O-O-O 14. Re1 c6
15. Ba3 Rd7 16. d6 Nf5 17. Nxf5 Bxf5 18. Nd4 Bg6 19. c5 Bf7 20. f3 g6 21. Bb2
Bg7 22. Ne6 Bxe6 23. Rxe6 Rf8 24. Rae1 Rdf7 25. Re8+ Rxe8 26. Rxe8+ Kd7 27. Rb8
Ke6 28. Kf2 Kd5 29. d4 f5 30. Ke3 Bf6 31. Kd3 Bg7 32. a4 Bf6 33. Bc3 Bg7 34. a5
Bf6 35. h3 Bg7 36. Re8 Bf6 37. Bb2 Bg5 38. Re5# {Normal} 1-0

[Event "Rated Blitz game"]
[Site "?"]
[Date "2021.01.10"]
[Round "?"]
[White "Hemoglobinski"]
[Black "Kaissiber"]
[Result "0-1"]
[WhiteElo "2470"]
[BlackElo "2408"]
[PlyCount "68"]
[EventDate "2021.??.??"]
[EventType "blitz"]

1. e4 e5 2. Nf3 d5 3. exd5 e4 4. Qe2 Nf6 5. d3 Be7 6. dxe4 O-O 7. Nc3 Re8 8.
Bf4 Bb4 9. Bg5 Bf5 10. Nd2 Nbd7 11. O-O-O Bxc3 12. bxc3 c6 13. d6 Qa5 14. Bxf6
Qa3+ 15. Kb1 Nxf6 16. Qc4 Be6 17. Qb4 Qxa2+ 18. Kc1 Ng4 19. Bc4 Bxc4 20. Nxc4
Rxe4 21. d7 Rd8 22. Rhe1 Nxf2 23. Rxe4 Nxe4 24. Qxb7 Qa1+ 25. Qb1 Qxc3 26. Qb8
Qa1+ 27. Qb1 Qxb1+ 28. Kxb1 Nc3+ 29. Kc1 Nxd1 30. Ne5 Ne3 31. Kd2 Nxg2 32. Kd3
Nf4+ 33. Kc4 Ng6 34. Nxg6 hxg6 {Time forfeit} 0-1

[Event "Rated Blitz tournament ZfLsnU4s"]
[Site "?"]
[Date "2021.01.10"]
[Round "?"]
[White "Trackkk"]
[Black "jflup"]
[Result "0-1"]
[WhiteElo "2294"]
[BlackElo "2466"]
[PlyCount "58"]
[EventDate "2021.??.??"]
[EventType "blitz"]

1. e4 e5 2. Nf3 d5 3. exd5 e4 4. Qe2 Nf6 5. Nc3 Be7 6. Nxe4 Nxd5 7. d3 O-O 8.
Bd2 Re8 9. O-O-O f5 10. Nc3 Bf6 11. Nxd5 Rxe2 12. Nxf6+ Qxf6 13. Bxe2 Nc6 14.
Bc3 Qg6 15. Nh4 Qh6+ 16. Kb1 Qxh4 17. Bf3 Be6 18. Rhe1 Bf7 19. g3 Qd8 20. Bxc6
bxc6 21. f4 a5 22. Re5 a4 23. a3 Qd7 24. Rde1 Re8 25. Rxe8+ Bxe8 26. Bb4 Bf7
27. Re7 Qd5 28. Rxc7 Qh1+ 29. Be1 Qxe1# {Normal} 0-1

[Event "Rated Blitz game"]
[Site "?"]
[Date "2021.01.10"]
[Round "?"]
[White "onatog"]
[Black "artsportscience"]
[Result "0-1"]
[WhiteElo "2452"]
[BlackElo "2309"]
[PlyCount "98"]
[EventDate "2021.??.??"]
[EventType "blitz"]

1. e4 e5 2. Nf3 d5 3. d4 dxe4 4. Nxe5 Bd6 5. Nc3 Bxe5 6. dxe5 Qxd1+ 7. Kxd1 Bf5
8. f4 exf3 9. gxf3 Nc6 10. f4 O-O-O+ 11. Bd2 Nd4 12. Bd3 Bxd3 13. cxd3 Ne7 14.
Be3 Nef5 15. Bf2 Ne6 16. Kc2 Nxf4 17. Rad1 Ng2 18. Rd2 Nge3+ 19. Kc1 Ng4 20.
Bxa7 Nxe5 21. Rf1 g6 22. d4 Nc6 23. Bc5 b6 24. d5 bxc5 25. dxc6 Rxd2 26. Kxd2
Rd8+ 27. Kc1 Rd6 28. Nb5 Re6 29. Rd1 Nd4 30. Nxd4 cxd4 31. Rxd4 Rxc6+ 32. Kd2
Rd6 33. Rd3 Rxd3+ 34. Kxd3 f5 35. Kd4 Kd7 36. Ke5 Kc6 37. h4 Kc5 38. a4 Kb4 39.
b3 c5 40. h5 c4 41. bxc4 Kxa4 42. c5 Kb5 43. Kd6 f4 44. c6 f3 45. c7 f2 46.
c8=Q f1=Q 47. Qc5+ Ka4 48. hxg6 Qf6+ 49. Kc7 Qxg6 {Time forfeit} 0-1

[Event "Rated Blitz game"]
[Site "?"]
[Date "2021.01.10"]
[Round "?"]
[White "elchechereche"]
[Black "Jomajo"]
[Result "0-1"]
[WhiteElo "2469"]
[BlackElo "2539"]
[PlyCount "58"]
[EventDate "2021.??.??"]
[EventType "blitz"]

1. e4 e5 2. Nf3 d5 3. d4 dxe4 4. Nxe5 Bd6 5. Nc4 Nf6 6. Nxd6+ Qxd6 7. c4 O-O 8.
Nc3 Nc6 9. Be3 Rd8 10. d5 Ne5 11. Be2 Neg4 12. Qd4 a6 13. O-O-O Nxe3 14. fxe3
Bf5 15. Rdf1 Bg6 16. h4 h5 17. g4 hxg4 18. h5 Nxh5 19. Nxe4 Qe7 20. Bd3 Re8 21.
Rxh5 Bxh5 22. Ng3 Bg6 23. Bxg6 fxg6 24. e4 Qe5 25. Qd3 Rf8 26. Rh1 Rf3 27. Qe2
Qxg3 28. e5 Re3 29. Qc2 Re1+ {Normal} 0-1

[Event "Rated Blitz game"]
[Site "?"]
[Date "2021.01.10"]
[Round "?"]
[White "Jadoubovic11"]
[Black "Jomajo"]
[Result "0-1"]
[WhiteElo "2357"]
[BlackElo "2544"]
[PlyCount "60"]
[EventDate "2021.??.??"]
[EventType "blitz"]

1. e4 e5 2. Nf3 d5 3. exd5 e4 4. Qe2 Qe7 5. Nd4 Qe5 6. Nb3 Nf6 7. d4 Qxd5 8.
Nc3 Bb4 9. Bd2 Bxc3 10. bxc3 O-O 11. h3 a5 12. Be3 Qc6 13. c4 b5 14. cxb5 Qd6
15. c4 a4 16. Nd2 c5 17. dxc5 Qe5 18. Rd1 Qc3 19. c6 Re8 20. Bc5 e3 21. Bxe3
Bf5 22. Qf3 Bc2 23. Rc1 Qb2 24. Rxc2 Qxc2 25. Be2 Qxa2 26. O-O a3 27. c7 Nbd7
28. b6 Nxb6 29. Bxb6 Qxd2 30. Bd1 a2 {Normal} 0-1

[Event "Rated Blitz tournament ZfLsnU4s"]
[Site "?"]
[Date "2021.01.10"]
[Round "?"]
[White "RoseStone"]
[Black "jflup"]
[Result "0-1"]
[WhiteElo "2524"]
[BlackElo "2452"]
[PlyCount "108"]
[EventDate "2021.??.??"]
[EventType "blitz"]

1. e4 e5 2. Nf3 d5 3. Nxe5 Bd6 4. d4 dxe4 5. Nc4 Be7 6. Nc3 Nf6 7. Be2 O-O 8.
O-O Nc6 9. d5 Nb4 10. Ne3 Bc5 11. a3 Bxe3 12. axb4 Bxc1 13. Rxc1 Re8 14. Ra1
Bf5 15. Qd4 a6 16. b5 a5 17. b6 cxb6 18. d6 Bd7 19. Bc4 Bc6 20. Rad1 Nd7 21.
Rfe1 Qf6 22. Nxe4 Bxe4 23. Rxe4 Rxe4 24. Qxe4 Qxb2 25. Qxb7 Rd8 26. Qc7 Qf6 27.
Re1 Nf8 28. h3 Rd7 29. Qxb6 Qxd6 30. Qxa5 g6 31. Bd3 Ne6 32. Qe5 Qxe5 33. Rxe5
Nf4 34. Bc4 Rc7 35. Bb3 Kg7 36. Re4 Nh5 37. Kf1 Nf6 38. Re5 h5 39. Ke2 Ng8 40.
c4 Ne7 41. Kd3 Kf6 42. Rb5 Nc6 43. Kc3 Ne5 44. Rb6+ Ke7 45. f4 Nd7 46. Rb5 Nc5
47. Bd1 Ne4+ 48. Kb4 Nd6 49. Re5+ Kd7 50. Be2 Rb7+ 51. Kc3 f6 52. Rd5 Ke6 53.
Bd3 Ra7 54. Bxg6 Nxc4 {Time forfeit} 0-1

[Event "Rated Blitz game"]
[Site "?"]
[Date "2021.01.10"]
[Round "?"]
[White "scorpion1988"]
[Black "Jomajo"]
[Result "0-1"]
[WhiteElo "2471"]
[BlackElo "2526"]
[PlyCount "68"]
[EventDate "2021.??.??"]
[EventType "blitz"]

1. e4 e5 2. Nf3 d5 3. Nxe5 Bd6 4. Bd3 Bxe5 5. exd5 Nf6 6. O-O O-O 7. c4 Bxh2+
8. Kxh2 Ng4+ 9. Kg3 Nc6 10. f4 Nd4 11. Nc3 f5 12. b3 Rf6 13. Ne2 Nxe2+ 14. Bxe2
Rg6 15. Bxg4 Rxg4+ 16. Kh2 Qh4+ 17. Kg1 Bd7 18. d4 Re8 19. Qf3 Rg3 20. Qf2 Qg4
21. Bd2 Re2 22. Qxe2 Qxe2 23. Rf2 Qd3 24. Re1 Kf7 25. Kh2 Rg6 26. Rfe2 Kg8 27.
Bb4 h5 28. d6 cxd6 29. Re3 Qxd4 30. g3 h4 31. Bc3 hxg3+ 32. Kg2 Qxf4 33. R1e2
Bc6+ 34. Kg1 Rh6 {Normal} 0-1

[Event "Rated Blitz game"]
[Site "?"]
[Date "2021.01.10"]
[Round "?"]
[White "elchechereche"]
[Black "Jomajo"]
[Result "1-0"]
[WhiteElo "2465"]
[BlackElo "2543"]
[PlyCount "37"]
[EventDate "2021.??.??"]
[EventType "blitz"]

1. e4 e5 2. Nf3 d5 3. d4 dxe4 4. Nxe5 Bd6 5. Nc4 Nf6 6. Nxd6+ Qxd6 7. c4 O-O 8.
Nc3 Nc6 9. Be3 Rd8 10. d5 Ne5 11. Be2 Qb4 12. Qb3 Qe7 13. O-O Neg4 14. Bxg4
Nxg4 15. h3 Nxe3 16. fxe3 Re8 17. Ne2 Qg5 18. Kh1 Qg3 19. Nxg3 {Normal} 1-0

[Event "Rated Blitz tournament Th9XSkDO"]
[Site "?"]
[Date "2021.01.10"]
[Round "?"]
[White "ExpresoNocturno"]
[Black "Maltinho"]
[Result "0-1"]
[WhiteElo "2252"]
[BlackElo "2533"]
[PlyCount "54"]
[EventDate "2021.??.??"]
[EventType "blitz"]

1. e4 e5 2. Nf3 d5 3. Nxe5 Bd6 4. d4 dxe4 5. f4 Ne7 6. Bc4 O-O 7. O-O Nf5 8.
Nc3 e3 9. Rf3 Nc6 10. Bxe3 Nh4 11. Rf1 Na5 12. Bd3 Nf5 13. Bf2 f6 14. Bc4+ Nxc4
15. Nxc4 Bxf4 16. Qf3 Bh6 17. Rad1 Nd6 18. Nxd6 Qxd6 19. Ne4 Qb6 20. Qb3+ Be6
21. Qxb6 axb6 22. a3 Bf5 23. Rfe1 Rfe8 24. Nc3 Bxc2 25. Rxe8+ Rxe8 26. Re1
Rxe1+ 27. Bxe1 Bc1 {Normal} 0-1

[Event "Rated Blitz game"]
[Site "?"]
[Date "2021.01.10"]
[Round "?"]
[White "Mikasinski"]
[Black "Jomajo"]
[Result "0-1"]
[WhiteElo "2433"]
[BlackElo "2523"]
[PlyCount "136"]
[EventDate "2021.??.??"]
[EventType "blitz"]

1. e4 e5 2. Nf3 d5 3. Nxe5 Bd6 4. d4 dxe4 5. Nc3 Bxe5 6. dxe5 Qxd1+ 7. Kxd1 Bf5
8. Bf4 Nc6 9. h3 O-O-O+ 10. Kc1 h5 11. Bc4 Nge7 12. Re1 Ng6 13. Bg5 Rd7 14. e6
fxe6 15. Nxe4 Nge5 16. Bb3 b6 17. Ng3 Rd6 18. Bf4 Rhd8 19. a3 Rd4 20. Bxe5 Nxe5
21. Nxf5 exf5 22. Be6+ Kb8 23. Bxf5 Nc4 24. Bd3 Na5 25. Kb1 Nb3 26. cxb3 Rxd3
27. Ka2 Rd2 28. Re7 g6 29. Rf7 Re2 30. Rb1 Rdd2 31. g4 h4 32. Rg7 Rxf2 33. Rxg6
Rh2 34. Rh6 Rxh3 35. g5 Rg2 36. g6 Kb7 37. a4 a5 38. Ka3 Rgg3 39. Ka2 Rxb3 40.
Rxh4 Rxh4 41. Kxb3 Rg4 42. Re1 Rxg6 43. Ka3 Rg4 44. b3 Rg3 45. Re6 Rg4 46. Kb2
Rb4 47. Kc3 Rh4 48. Re3 Rg4 49. Rd3 Rg6 50. Rf3 Rc6+ 51. Kb2 Rc5 52. Rc3 Rc6
53. Rd3 Rc5 54. Ka3 Kc6 55. b4 Rd5 56. Rc3+ Kd6 57. b5 Rc5 58. Rd3+ Rd5 59. Rh3
Kd7 60. Rh6 Kc8 61. Rh7 Kb7 62. Kb3 Rc5 63. Ka3 Rc4 64. Kb2 Rb4+ 65. Kc2 Rxa4
66. Kd3 Rb4 67. Rh5 Rxb5 68. Rxb5 a4 {Time forfeit} 0-1

[Event "Rated Blitz game"]
[Site "?"]
[Date "2021.01.10"]
[Round "?"]
[White "Charlie_Manjerico"]
[Black "Fidecom"]
[Result "0-1"]
[WhiteElo "2422"]
[BlackElo "2351"]
[PlyCount "66"]
[EventDate "2021.??.??"]
[EventType "blitz"]

1. e4 e5 2. Nf3 d5 3. d4 dxe4 4. Nxe5 Bd6 5. Bf4 Nf6 6. Be2 O-O 7. O-O Nd5 8.
Bg3 f6 9. Ng4 Bxg3 10. hxg3 Bxg4 11. Bxg4 e3 12. Be6+ Kh8 13. Qh5 exf2+ 14.
Rxf2 Ne7 15. Nc3 Qxd4 16. Rd1 Qb6 17. Qf7 Nbc6 18. Qh5 Ne5 19. Bb3 Rad8 20.
Rdf1 c5 21. Kh2 c4 22. Ba4 Qxb2 23. Ne4 N7g6 24. c3 Qa3 25. Bc2 Qe7 26. g4 Qd7
27. Ng5 fxg5 28. Rxf8+ Rxf8 29. Rxf8+ Nxf8 30. Qxg5 Nxg4+ 31. Kg3 Nf6 32. Qe3
Qc7+ 33. Kf2 Ng4+ {Normal} 0-1

[Event "Rated Blitz tournament ZfLsnU4s"]
[Site "?"]
[Date "2021.01.10"]
[Round "?"]
[White "daniat87"]
[Black "jflup"]
[Result "1-0"]
[WhiteElo "2438"]
[BlackElo "2470"]
[PlyCount "89"]
[EventDate "2021.??.??"]
[EventType "blitz"]

1. e4 e5 2. Nf3 d5 3. Nxe5 Bd6 4. d4 dxe4 5. Nc4 Be7 6. Be2 Nf6 7. O-O O-O 8.
Bg5 Nd5 9. Bxe7 Qxe7 10. Qd2 Nd7 11. Ne3 N7b6 12. Nxd5 Nxd5 13. c4 Nf6 14. Nc3
Bf5 15. Qf4 Bg6 16. Rad1 Rad8 17. Rd2 Rfe8 18. Rfd1 c6 19. h3 e3 20. fxe3 Qxe3+
21. Qxe3 Rxe3 22. Bf3 h6 23. Kf2 Re7 24. b4 Kf8 25. a4 Ne4+ 26. Bxe4 Bxe4 27.
b5 Bf5 28. d5 cxd5 29. Rxd5 Red7 30. Rxd7 Rxd7 31. Rxd7 Bxd7 32. Ke3 Ke7 33. c5
Be6 34. Kd4 g5 35. Ne4 Bb3 36. a5 Ba4 37. Kc4 a6 38. Nd6 axb5+ 39. Kb4 Kd7 40.
Nxb7 Bc2 41. Nd6 f6 42. Kxb5 h5 43. a6 Bb3 44. c6+ Kxd6 45. a7 {Normal} 1-0

[Event "Rated Rapid game"]
[Site "?"]
[Date "2021.01.10"]
[Round "?"]
[White "Barrier300"]
[Black "vitvolrapid"]
[Result "0-1"]
[WhiteElo "2387"]
[BlackElo "2417"]
[PlyCount "136"]
[EventDate "2021.??.??"]
[EventType "rapid"]

1. e4 e5 2. Nf3 d5 3. exd5 e4 4. Qe2 Be7 5. Qxe4 Nf6 6. Bb5+ c6 7. dxc6 bxc6 8.
Bxc6+ Nxc6 9. Qxc6+ Bd7 10. Qc4 O-O 11. O-O Bd6 12. Qd3 Qc7 13. Nc3 Rab8 14. b3
Bc6 15. h3 Rfd8 16. Qe2 Re8 17. Qd3 Nh5 18. Nd5 Qd8 19. c4 Bxd5 20. Qxd5 Qf6
21. Bb2 Qg6 22. Ne5 Nf4 23. Nxg6 Nxd5 24. cxd5 hxg6 25. Rfe1 Red8 26. Be5 Rb5
27. Bxd6 Rxd6 28. Re8+ Kh7 29. Re7 a5 30. Rxf7 Rdxd5 31. Rd1 Rbc5 32. d4 Rc2
33. a3 Ra2 34. a4 Rb2 35. Rb7 Rf5 36. f3 Rg5 37. g4 Rd5 38. Rb5 Rd7 39. Rxa5
Rxb3 40. Kg2 Rf7 41. Rf1 Rd3 42. Rd5 Kh6 43. f4 Rb7 44. Rb5 Rd7 45. Rb4 Rc7 46.
Rf2 Rcc3 47. a5 Rg3+ 48. Kf1 Ra3 49. g5+ Kh7 50. Rb5 Rxh3 51. Rd2 Ra1+ 52. Ke2
Rh2+ 53. Kd3 Ra3+ 54. Kc2 Ra2+ 55. Kc3 Rhxd2 56. a6 Rdc2+ 57. Kb3 Rcb2+ 58. Kc4
Rf2 59. Kd5 Rxa6 60. Rb7 Rxf4 61. Rc7 Ra5+ 62. Rc5 Rf5+ 63. Kd6 Raxc5 64. Ke6
Rcd5 65. Ke7 Rxd4 66. Ke6 Rdd5 67. Ke7 Kg8 68. Ke6 Rfe5# {Normal} 0-1

[Event "Rated Blitz game"]
[Site "?"]
[Date "2021.01.10"]
[Round "?"]
[White "Shal59"]
[Black "Mettigel"]
[Result "1-0"]
[WhiteElo "2367"]
[BlackElo "2454"]
[PlyCount "88"]
[EventDate "2021.??.??"]
[EventType "blitz"]

1. e4 e5 2. Nf3 d5 3. exd5 Bd6 4. Bb5+ c6 5. dxc6 Nxc6 6. O-O Nf6 7. Nc3 O-O 8.
Bxc6 bxc6 9. d3 h6 10. Ne4 Nxe4 11. dxe4 Bg4 12. h3 Be6 13. Be3 c5 14. b3 Qb6
15. c4 Rfd8 16. Qc2 a5 17. Rad1 Qc6 18. Rd2 a4 19. Rfd1 axb3 20. axb3 f6 21.
Nh4 Be7 22. Ng6 Kf7 23. Nxe7 Kxe7 24. f3 Rxd2 25. Qxd2 Kf7 26. Qf2 Rb8 27. Rd3
Rc8 28. g4 Qb6 29. Kg2 Qa5 30. h4 Rc7 31. Kg3 Qa7 32. g5 hxg5 33. hxg5 f5 34.
exf5 Bxf5 35. Rd5 Be6 36. Rxe5 Qb7 37. Qc2 g6 38. Bxc5 Qc8 39. b4 Bf5 40. Qd2
Rd7 41. Rd5 Qc7+ 42. f4 Rxd5 43. Qxd5+ Be6 44. Qd4 Bf5 {Normal} 1-0